Advances in polymer science and technology : comprising papers (with discussions) read at a joint symposium, organised by the Plastics and Polymer Group of the Society of Chemical Industry, The Institution of the Rubber Industry and the Plastics Institute, held on 20-22 September 1966, at the Institution of Electrical Engineers, Savoy Place, London, W.C.2.

שמור ב:
מידע ביבליוגרפי
Corporate Authors: Institution of Electrical Engineers, Institution of the Rubber Industry (Great Britain), Society of Chemical Industry (Great Britain). Plastics and Polymer Group, Plastics Institute
פורמט: ספר
שפה:English
יצא לאור: London : Society of Chemical Industry, 1967.
סדרה:S.C.I. monograph ; no. 26
נושאים:
LEADER 01686cam a2200361 a 4500
001 c000397926
003 CARM
005 20140829134047.0
008 140829s1967 enka b 100 0 eng d
010 |a 68077324 
015 |a 67-14683 
019 1 |a 18294  |5 LACONCORD2021 
035 |a (OCoLC)457865  |5 LACONCORD2021 
040 |a LC  |b eng  |c LC  |d VIT 
050 0 0 |a QD281.P6  |b A32 
082 0 4 |a 547.84  |2 23 
245 0 0 |a Advances in polymer science and technology :  |b comprising papers (with discussions) read at a joint symposium, organised by the Plastics and Polymer Group of the Society of Chemical Industry, The Institution of the Rubber Industry and the Plastics Institute, held on 20-22 September 1966, at the Institution of Electrical Engineers, Savoy Place, London, W.C.2. 
260 |a London :  |b Society of Chemical Industry,  |c 1967. 
300 |a iv, 396 p. :  |b ill., tables, diagrs. ;  |c 22 cm. 
490 1 |a S.C.I. monograph ;  |v no. 26 
504 |a Includes bibliographical references. 
650 0 |a Polymers  |v Congresses. 
650 0 |a Polymerization  |v Congresses. 
710 2 |a Institution of Electrical Engineers. 
710 2 |a Institution of the Rubber Industry (Great Britain). 
710 2 |a Society of Chemical Industry (Great Britain).  |b Plastics and Polymer Group. 
710 2 |a Plastics Institute. 
852 8 |b CARM  |p 0606610  |f BK 
852 8 |b SCAN  |h A3:AE21B0  |i B12320  |p 0606610  |f BK 
830 0 |a S.C.I. monograph ;  |v no. 26 
999 f f |i cfe2392e-e812-5c41-936e-946435b391f2  |s 2e10888c-b94a-5d8e-94b1-5d3e74c0874a 
952 f f |p Can circulate  |a CAVAL  |b CAVAL  |c CAVAL  |d CARM 1 Store  |i book  |m 0606610 
952 f f |a CAVAL  |b CAVAL  |c CAVAL  |d Unmapped Location  |e B12320  |f A3:AE21B0  |h Other scheme